| 000 | 00773nam a2200301Ia 4500 | ||
|---|---|---|---|
| 008 | 170711s9999 xx 000 0 und d | ||
| 020 | _a9781858214078 | ||
| 050 | _a942.08 | ||
| 050 | _bM345 1996 | ||
| 100 | _aMarkham, Joan | ||
| 245 | 2 | _aA salt-caked smoked-stack / | |
| 245 | _cby Joan Markham, Robin Markham and Peggy Lundie. | ||
| 260 | _aEdinburgh : | ||
| 260 | _bThe Pentland Press Limited, | ||
| 260 | _c1996 | ||
| 300 | _a99 pages : | ||
| 300 | _billustrations ; | ||
| 300 | _c21cm. | ||
| 650 | _aEngland & Wales -- | ||
| 650 | _aMarkham, Joan -- | ||
| 650 | _aMarkham, Robin -- | ||
| 650 | _xHistory of Europe. | ||
| 650 | _xTravel. | ||
| 650 | _xTravel. | ||
| 700 | _aLundie, Peggy. | ||
| 700 | _aMarkham, Robin. | ||
| 700 | _aTitle. | ||
| 999 |
_c340003 _d340003 |
||